| 000 | 00866nam a2200265 a 4500 | ||
|---|---|---|---|
| 001 | 000047822 | ||
| 003 | DO-SdBPM | ||
| 005 | 20250613130839.0 | ||
| 008 | 130729s2011 dr 000 0 spa d | ||
| 040 |
_aDO-SdBPM _bspa _cBPMSU _erda |
||
| 082 | 4 |
_a342.729306 _bR426l 2011 _222 |
|
| 110 | 2 | _aRepública Dominicana | |
| 240 | 0 | _a[leyes, etc.] | |
| 245 | 1 | 0 | _aLey No. 41-08 de función pública. |
| 246 | 1 | 3 | _aLey No. 41-08 de función pública y crea el Ministerio de Administración Pública |
| 250 | _a5a. ed. | ||
| 260 |
_aSanto Domingo : _bMinisterio de Administración Pública (MAP), _c2011 |
||
| 300 |
_a56 p. ; _c21 cm. |
||
| 590 | _aInventariado,2025/VM | ||
| 650 | 4 | _aCarrera administrativa | |
| 650 | 4 |
_aFunción pública _xLegislación _zRepública Dominicana |
|
| 651 | _2 | ||
| 910 | _aVMateo V. Control de calidad. BPMSU | ||
| 942 |
_2ddc _cBK |
||
| 999 |
_c15174 _d15174 |
||